000 00923nam a22002177a 4500
999 _c22243
_d22243
003 AR-CdUCM
008 190425b ||||| |||| 00| 0 spa d
040 _aMUNICIPALIDAD PROVINCIAL DEL CUSCO
_cBIBLIOTECA MUNICIPAL DEL CUSCO
082 _aSE/N°6/2018
245 _aRevista Sociedad Empresarial /
_cCastro Manyari, Carlos Alberto, Director
260 _aCusco.
_bLetter´s,
_c2018.
300 _a23 páginas. :
_bilustraciones ;
_c29 cm.
440 _aRevista Sociedad Empresarial.
_nAño 2, N°6, marzo 2018.
_947741
505 _aContenido: Desarrollo sostenible. -- Desarrollo económico local hacia una responsabilidad entre el gobierno y el sector privado. -- Desarrollo y ecología. -- Emprendiendo bien emprendiendo. ...
650 _aDesarrollo económico
_91696
650 _aEcología
_94960
650 _aTecnología
_91571
700 _aCárdenas Herrera, Silvia
_947742
942 _2ddc
_cPP
945 _arac